| 000 | 00950nam a22002537a 4500 | ||
|---|---|---|---|
| 003 | OSt | ||
| 005 | 20210224121327.0 | ||
| 008 | 210224s1999 sp ||||gr|||| 00| 0 spa d | ||
| 020 | _a8439210469 | ||
| 040 |
_aCO-JMCR _cCO-JMCR |
||
| 041 | 1 |
_aspa _heng |
|
| 082 | 0 | 4 |
_223 _aN / _bBELc |
| 100 | 1 |
_aBelbin, David, _eautor _913866 |
|
| 245 | 1 | 0 |
_aCorte final / _cDavid Belbin ; traducción, Yolanda Chaves |
| 260 |
_aMadrid, España : _bGaviota, _c1999 |
||
| 300 |
_a214 páginas ; _c21 cm. |
||
| 490 |
_aZona limite ; _vCrimen y castigo |
||
| 520 | 0 | _aSarah Wood es una joven modelo muy guapa que empieza a triunfar en su profesión. Cund le ofrecen un papel de protagonista en una película cree tener el futuro asegurado. Pero los problemas de Sarah comienzan con el rodaje. | |
| 650 | 2 | 4 |
_aActrices _913867 |
| 650 | 2 | 4 |
_aPelículas _913868 |
| 650 | 2 | 4 |
_aAsesinato _913869 |
| 700 | 1 |
_aChaves, Yolanda, _etraductora _913870 |
|
| 942 |
_2ddc _cBK |
||
| 999 |
_c7313 _d7313 |
||